000 01269cam a2200241 4500
001 ABS63253
008 000000n2000 000 0 eng u
035 _a(Sirsi) u110006
100 _aBowden, D
245 _aValidity of process under the Party Wall, etc Act 1996
260 _c2000
490 _aStructural Survey
_v18(5) December 2000, 266-272(6)
520 _aThis paper considers the entire process leading to the making of a valid award under section 10 of the Party Wall, etc Act 1996. The powers and duties of the appointed surveyors, the validity of their appointment and the effect of their awards are examined. The validity of some of the commonly used award clauses is also commented upon. The paper also considers agreements between the parties insofar as they might affect a dispute and the subsequent award. Finally, examples are provided as to where liability might lie for failure to produce a valid award, with important warnings for appointed surveyors. Journal abstract. References.
590 _aABS
650 _aPARTY WALL ETC ACT 1996
650 _aParty walls
_96258
650 _aNOTICE
650 _aDISPUTES
650 _aAWARDS
650 _aBUILDING REGULATIONS APPEALS
690 _aBoundary disputes
_96221
942 _n0
999 _c65614
_d65614